000 00518nam a2200181Ia 4500
999 _c12418
_d12418
003 OSt
005 20201022134058.0
008 190216s9999||||xx |||||||||||||| ||und||
020 _a435120077
040 _coclc
082 _a925.4
_bDOO/R
100 _aDoorly, Eleanor
_96078
245 4 _aThe Radium Woman /
_cEleanor Doorly
260 _bHeinemann Educational Books Ltd,
_c1939.
_aLondon:
300 _a181p
650 _aEnglish Literature
942 _cBK
_2ddc
_h925.4
_iDOO/R
_k925.4
_mDOO/R